Libertad de prensa calumnias e injurias (Record no. 139785)
[ view plain ]
| 000 -LEADER | |
|---|---|
| fixed length control field | 00746nam a22002057a 4500 |
| 005 - DATE AND TIME OF LATEST TRANSACTION | |
| control field | 20230210121617.0 |
| 008 - FIXED-LENGTH DATA ELEMENTS--GENERAL INFORMATION | |
| fixed length control field | 230126b ag ||||| |||| 00| 0 spa d |
| 020 ## - INTERNATIONAL STANDARD BOOK NUMBER | |
| International Standard Book Number | 9505741715 |
| 050 04 - LIBRARY OF CONGRESS CALL NUMBER | |
| Classification number | KHA3015 |
| Item number | C38 2004 |
| 100 1# - MAIN ENTRY--PERSONAL NAME | |
| Personal name | Catucci, Silvina G. |
| 245 10 - TITLE STATEMENT | |
| Title | Libertad de prensa calumnias e injurias |
| Remainder of title | : aspecto constitucional, penal y procesal |
| Statement of responsibility, etc | / Silvina G. Catucci |
| 250 ## - EDITION STATEMENT | |
| Edition statement | 1a ed. |
| 260 ## - PUBLICATION, DISTRIBUTION, ETC. (IMPRINT) | |
| Place of publication, distribution, etc | Buenos Aires : |
| Name of publisher, distributor, etc | Ediar Sociedad Anónima : |
| -- | Editora Comercial, Industrial y Financiera, |
| Date of publication, distribution, etc | 2004 |
| 300 ## - PHYSICAL DESCRIPTION | |
| Extent | 473 p. ; |
| Dimensions | 22 cm. |
| 504 ## - BIBLIOGRAPHY, ETC. NOTE | |
| Bibliography, etc | Incluye apéndice, bibliografía : p. 425-430 e índice |
| 506 ## - RESTRICTIONS ON ACCESS NOTE | |
| Terms governing access | Rec. Esc. |
| 650 #7 - SUBJECT ADDED ENTRY--TOPICAL TERM | |
| Source of heading or term | lemb |
| Topical term or geographic name as entry element | Libertad de prensa |
| Geographic subdivision | Argentina |
| 650 #7 - SUBJECT ADDED ENTRY--TOPICAL TERM | |
| Source of heading or term | lemb |
| Topical term or geographic name as entry element | Difamación |
| Geographic subdivision | Argentina |
| 942 ## - ADDED ENTRY ELEMENTS (KOHA) | |
| Source of classification or shelving scheme | Biblioteca del Cogreso de los Estados Unidos |
| Koha item type | Libro |
| Estado de pérdida | Fuente de clasificación | Estado del daño | No para préstamo | Ubicación permanente | Ubicación actual | Apartado o colección | Fecha de adquisición | Fuente de adquisición | Edición | Área del conocimiento | Clasificación | Código de Barras | Date last seen | Número de copia | Costo por reposición | Tipo de recurso |
|---|---|---|---|---|---|---|---|---|---|---|---|---|---|---|---|---|
| Biblioteca del Cogreso de los Estados Unidos | Biblioteca del Posgrado en Derecho | Biblioteca del Posgrado en Derecho | Colección Ernesto Villanueva | 10/02/2023 | Donación | 1a ed. | Ciencias Sociales y Administrativas | KHA3015 C38 2004 | BPD000001792 | 10/02/2023 | 1 | 1.00 | Libro |